|
|
|
|
| LEADER |
00000nas a2200000 a 4500 |
| 001 |
ssj0050585 |
| 003 |
WaSeSS |
| 005 |
20200512172242.0 |
| 006 |
m d |
| 007 |
cr n |
| 008 |
051230c20069999cautr p s 0 a0eng c |
| 010 |
|
|
|a 2005228027
|
| 016 |
7 |
|
|a 2263071-5
|2 DE-600
|
| 022 |
|
|
|a 1559-3738
|l 1559-372X
|y 1559-372X
|
| 035 |
|
|
|a (WaSeSS)ssj0050585
|
| 037 |
|
|
|b University of California Press, 2000 Center St., Ste. 303, Berkeley, CA 94704-1223
|
| 040 |
|
|
|a NSD
|b eng
|c NSD
|d CLU
|d NSD
|d OCLCQ
|d HEBIS
|d EYM
|d OCLCQ
|d OCLCF
|d OCLCA
|d VT2
|d OCLCQ
|d OCLCO
|d OCLCQ
|d AU@
|d OCLCE
|d UAB
|d FIE
|d SFB
|d WaSeSS
|
| 042 |
|
|
|a pcc
|a nsdp
|
| 043 |
|
|
|a a-vt---
|
| 050 |
1 |
4 |
|a DS556
|
| 082 |
1 |
0 |
|a 959.7
|2 14
|
| 130 |
0 |
|
|a Journal of Vietnamese studies (Berkeley, Calif. : Online)
|
| 222 |
|
0 |
|a Journal of Vietnamese studies
|b (Berkeley, Calif. Online)
|
| 245 |
1 |
0 |
|a Journal of Vietnamese studies
|h [electronic resource].
|
| 246 |
1 |
3 |
|a JVS
|
| 260 |
|
|
|a Berkeley, Calif. :
|b University of California Press,
|c 2006-
|
| 310 |
|
|
|a Three issues a year,
|b 2008-
|
| 321 |
|
|
|a Semiannual,
|b 2006-2007
|
| 362 |
0 |
|
|a Vol. 1, no. 1/2 (Feb./Aug. 2006)-
|
| 500 |
|
|
|a Title from PDF of cover (University of California Press Web site, viewed Nov. 13, 2006).
|
| 506 |
|
|
|a License restrictions may limit access.
|
| 538 |
|
|
|a Mode of access: World Wide Web.
|
| 550 |
|
|
|a Issued by: Center for Southeast Asia Studies, University of California, Berkeley.
|
| 588 |
|
|
|a Latest issue consulted: Vol. 5, no. 2 (summer 2010) (JSTOR, viewed Dec. 18, 2010).
|
| 651 |
|
0 |
|a Vietnam
|v Periodicals.
|
| 651 |
|
7 |
|a Vietnam.
|2 fast
|0 (OCoLC)fst01204778
|
| 651 |
|
6 |
|a Vietnam
|v Periodiques.
|
| 655 |
|
0 |
|a Electronic journals.
|
| 710 |
2 |
|
|a University of California, Berkeley.
|b Center for Southeast Asia Studies.
|
| 776 |
0 |
8 |
|i Print version:
|t Journal of Vietnamese studies (Berkeley, Calif.)
|x 1559-372X
|w (DLC) 2005228026
|w (OCoLC)62763792
|
| 856 |
4 |
0 |
|z Full text available from Research Library: 02/01/2006 to 10/31/2012
|u https://search.proquest.com/publication/75957
|